Methods & Problems in Mathematics (Record no. 939)

MARC details
000 -LEADER
fixed length control field 00308nam a2200109 4500
008 - FIXED-LENGTH DATA ELEMENTS--GENERAL INFORMATION
fixed length control field 160625b xxu||||| |||| 00| 0 eng d
100 ## - MAIN ENTRY--PERSONAL NAME
9 (RLIN) 1157
Personal name Sainani, V.K
245 ## - TITLE STATEMENT
Title Methods & Problems in Mathematics
260 ## - PUBLICATION, DISTRIBUTION, ETC. (IMPRINT)
Place of publication, distribution, etc. N.D
Name of publisher, distributor, etc. Sainani & Sons
Date of publication, distribution, etc. 1989
300 ## - PHYSICAL DESCRIPTION
Extent Methods & Problems in Mathematics
942 ## - ADDED ENTRY ELEMENTS (KOHA)
Source of classification or shelving scheme Dewey Decimal Classification
Koha item type BOOK
Holdings
Withdrawn status Lost status Source of classification or shelving scheme Damaged status Not for loan Home library Current library Shelving location Date acquired Total Checkouts Full call number Barcode Date last seen Date last checked out Price effective from Koha item type
    Dewey Decimal Classification     Good Samaritan School Library Good Samaritan School Library   06/25/2016 1 510 SAI1480 04/17/2018 04/10/2018 06/25/2016 BOOK

Powered by Koha